ДМСО и ДМСО-Д(,6) как метиленирующий и дейтерометиленирующий реагенты в реакциях образования гидрированных ксантен-1,8-дионов; Кислородсодержащие гетероциклы

التفاصيل البيبلوغرافية
Parent link:Кислородсодержащие гетероциклы.— 1990.— С. 201
المؤلف الرئيسي: Бакибаев А. А. Абдигали Абдиманапович
مؤلفون آخرون: Филимонов В. Д. Виктор Дмитриевич
الملخص:В фонде НТБ ТПУ отсутствует
اللغة:الروسية
منشور في: 1990
الموضوعات:
التنسيق: فصل الكتاب
KOHA link:https://koha.lib.tpu.ru/cgi-bin/koha/opac-detail.pl?biblionumber=596533

MARC

LEADER 00000naa0a2200000 4500
001 596533
005 20250407154543.0
035 |a (RuTPU)RU\TPU\tpu\19487 
035 |a RU\TPU\tpu\19291 
090 |a 596533 
100 |a 20110623d1990 k y0rusy50 ca 
101 0 |a rus 
102 |a RU 
200 1 |a ДМСО и ДМСО-Д(,6) как метиленирующий и дейтерометиленирующий реагенты в реакциях образования гидрированных ксантен-1,8-дионов   |f А. А. Бакибаев, В. Д. Филимонов 
333 |a В фонде НТБ ТПУ отсутствует 
463 |t Кислородсодержащие гетероциклы  |v С. 201  |o тез. докл. всес. совещ.  |d 1990 
610 1 |a труды учёных ТПУ 
700 1 |a Бакибаев  |b А. А.  |c химик  |c профессор Томского политехнического университета, доктор химических наук  |f 1960-  |g Абдигали Абдиманапович  |3 (RuTPU)RU\TPU\pers\27073 
701 1 |a Филимонов  |b В. Д.  |c химик  |c профессор Томского политехнического университета, доктор химических наук  |f 1945-  |g Виктор Дмитриевич  |3 (RuTPU)RU\TPU\pers\12908  |9 3693 
801 1 |a RU  |b 63413507  |c 20100313 
801 2 |a RU  |b 63413507  |c 20111221  |g RCR 
942 |c BK